| 000 | 00493nam a22001817a 4500 | ||
|---|---|---|---|
| 003 | LK-CoDNM | ||
| 005 | 20241226115843.0 | ||
| 008 | 241226b |||||||| |||| 00| 0 eng d | ||
| 040 |
_aLK-CoDNM _dLK-CoDNM _eLK-CoDNM |
||
| 041 | _asin | ||
| 080 |
_aRC _b167 |
||
| 100 | _aDesamanya Pandit Dr. Nandadeva Wijesekara | ||
| 245 | _aBiography of Sir D.B.Jayatilaka | ||
| 260 |
_c1973 _adehiwala |
||
| 300 | _ax, 227p. : Ill ; 24 cm | ||
| 650 | _aBiography of Sir D.B.Jayatilaka | ||
| 942 | _cBK | ||
| 999 |
_c234207 _d234207 |
||